|
|
|
|
| LEADER |
00000cam a2200000 7i4500 |
| 001 |
0000006524 |
| 005 |
20021119093000.0 |
| 008 |
021119n |
| 020 |
|
|
|a 0070210403
|
| 090 |
0 |
0 |
|a HG4026
|b .F524
|
| 100 |
0 |
|
|a Finnerty, John D. ,
|e author
|
| 245 |
0 |
0 |
|a Corporate financial analysis :
|b a comprehensive guide to real-world approaches for financial managers
|c John D. Finnerty
|
| 260 |
2 |
|
|a New York :
|b McGraw-Hill ,
|c 1986.
|
| 300 |
|
|
|a 566 p. ; ;
|c 23 cm.
|
| 504 |
|
|
|a Includes index
|
| 650 |
|
0 |
|a Corporations
|x Finance
|
| 999 |
|
|
|a 1000037115
|b Book
|c Reference
|e Gong Badak Campus
|
| 999 |
|
|
|a 1000037116
|b Book
|c Reference
|e Gong Badak Campus
|